| 000 | 01007nam0a22002531 4500 | ||
|---|---|---|---|
| 001 | rc\638099 | ||
| 005 | 20260407144352.0 | ||
| 035 | _a(NLR Aleph) 005879708 | ||
| 090 |
_a6064950 _c6064950 |
||
| 100 | _a20031121d1986 |||y0rusy50 ca | ||
| 101 | 0 | _arus | |
| 102 | _aRU | ||
| 105 | _ay ||||||||| | ||
| 200 | 1 |
_aОсновы научной организации труда в государственных архивах _eМетод. рекомендации _fВНИИ документоведения и арх. дела _g[Разраб. З.В. Бушмелевой, Л.Н. Сахаровой] |
|
| 210 |
_aМ. _cВНИИДАД _d1986 |
||
| 215 |
_a83 с. _d20 |
||
| 320 | _aБиблиогр.: с. 81-83 (45 назв.) | ||
| 702 | 1 |
_aБушмелева _bЗ.В. _4570 |
|
| 712 | 0 | 2 |
_aВНИИ документоведения и архивного дела _9533927 _3RU\NLR\AUTH\8810018038 |
| 801 | 0 |
_aRU _bNLR _gpsbo |
|
| 801 | 1 |
_aRU _bELAR _2rusmarc |
|
| 852 |
_aNLR _j86-4/18042 |
||
| 942 | _cBOOK | ||
| 980 | _aNB | ||